LEADER 05283nam 2200697Ia 450 001 9910781422803321 005 20230725054300.0 010 $a1-283-43060-6 010 $a9786613430601 010 $a3-11-026820-5 024 7 $a10.1515/9783110268201 035 $a(CKB)2550000000073126 035 $a(EBL)799443 035 $a(OCoLC)769190330 035 $a(SSID)ssj0000560185 035 $a(PQKBManifestationID)12205865 035 $a(PQKBTitleCode)TC0000560185 035 $a(PQKBWorkID)10570641 035 $a(PQKB)10588929 035 $a(MiAaPQ)EBC799443 035 $a(DE-B1597)173651 035 $a(OCoLC)853263553 035 $a(DE-B1597)9783110268201 035 $a(Au-PeEL)EBL799443 035 $a(CaPaEBR)ebr10515795 035 $a(CaONFJC)MIL343060 035 $a(EXLCZ)992550000000073126 100 $a20110801d2011 uy 0 101 0 $aeng 135 $aur|n|---||||| 181 $ctxt 182 $cc 183 $acr 200 10$aSamaria, Samarians, Samaritans$b[electronic resource] $estudies on Bible, history and linguistics /$fedited by Jo?zsef Zsengelle?r 210 $aBerlin ;$aBoston $cDe Gruyter$dc2011 215 $a1 online resource (340 p.) 225 1 $aStudia Judaica Forschungen zur Wissenschaft des Judentums ;$vBd. 66 225 1 $aStudia Samaritana ;$vBd. 6 300 $aDescription based upon print version of record. 311 $a3-11-026804-3 320 $aIncludes bibliographical references and indexes. 327 $tFrontmatter --$tPreface /$rZsengellér, József --$tList of Contributors --$tContents --$tI. Memorial --$tEquisse Biographique du Pére Dom Guy Dominique Sixdenier /$rTAWA, HABIB --$tII. Bible --$tGenesis 4 and the Pentateuch's Reiterative Discourse: Some Samaritan Themes /$rTHOMPSON, THOMAS L. --$tThe Samaritan Version of Deuteronomy and the Origin of Deuteronomy /$rSCHORCH, STEFAN --$tDid Jacob Become Judah?: The Configuration of Israel's Restoration in Deutero-Isaiah /$rKNOPPERS, GARY N. --$tIII. History --$tAdministration of Samaria in the Hellenistic Period /$rDU?EK, JAN --$tThe Building of the Samaritan Temple and the Samaritan Governors - Again /$rMOR, MENAHEM --$tJosephus on the Samaritans - his Tendenz and purpose /$rKARTVEIT, MAGNAR --$tIsraelites, Samaritans, Temples, Jews /$rNODET, ETIENNE --$tSamaritans. History and Tradition in Relationship to Jews, Christians and Muslims: Problems in Writing a Monograph /$rHJELM, INGRID --$tIV. Linguistics --$t"Hebrew Language" and "Holy Language" between Judea and Samaria /$rTAL, ABRAHAM --$tAn Unknown Samaritan Poem of the Type FAT?HA /$rFLORENTIN, MOSHE --$tDifferent Pronunciations of the Same Word in the Torah Reading of the Israelite Samaritans in Comparison to Its Significant Attributes /$rTSEDAKA, BENYAMIM --$tV. Artifacts and Texts --$tThe Samaritans in Caesarea Maritima /$rDAR, SHIMON --$tAn Elusive Samaritan Manuscript in Utrecht /$rZSENGELLÉR, JÓZSEF --$tVI. Arabica --$tReflections on Samaritan Belief in an After-life. Text-proofs for 'The Appointed day' in Sam Ms BL Or 10370 /$rSTENHOUSE, PAUL --$tAb? l-?asan ?s-?S?r? and his Inclinations to Mu'tazilite Theology /$rWEDEL, GERHARD --$tA Samaritan Legend in the Alhambra Stories? /$rJAMGOTCHIAN, HAROUTUN S. --$tThe Samaritan High Priest 'Imr?n ben Sal?ma and his Poem Against Mub?rak al-Mufarra?? Who Became a Convert to Islam in 1841 /$rSHEHADEH, HASEEB --$tIndex of Authors --$tIndex of Citations 330 $aPapers in this volume were presented at the seventh international conference of the Société d'Études Samaritaines held at the Reformed Theological Academy of Pápa, Hungary in July 17-25, 2008. The discussed Samaritan topics permeate different areas of biblical studies: The question of the Samaritan Pentateuch has a serious impact on the textual criticism of the Hebrew Bible. The pre-Samaritan text-type among the Dead Sea Scrolls, as well as the dating and isolation of Samaritan features of the Samaritan Pentateuch provide fresh and important data for gaining a better understanding of the composition of the Torah/Pentateuch. New reconstructions of the early history of the Samaritans have a great effect on the history of the Jewish people in the Persian and Hellenistic period. As a distinct group in the centuries around the turn of the Common Era in Palestine, Samaritans played an important role in the social and religious formation of early Judaism and early Christianity. Living for centuries under Islamic rule, Samaritans provide a good example of linguistic, cultural and religious developments experienced by ethnic and religious group in Islamic contexts. 410 0$aStudia Judaica (Walter de Gruyter & Co.) ;$vBd. 66. 410 0$aStudia Samaritana ;$vBd. 6. 606 $aSamaritans$vCongresses 610 $aMount Gerizim. 610 $aOld Testament. 610 $aSamaritan Research. 610 $aSamaritan Theology. 610 $aSamaritan-Hebrew Linguistics. 615 0$aSamaritans 676 $a296.8/17 701 $aZsengelle?r$b Jo?zsef$01463343 801 0$bMiAaPQ 801 1$bMiAaPQ 801 2$bMiAaPQ 906 $aBOOK 912 $a9910781422803321 996 $aSamaria, Samarians, Samaritans$93779409 997 $aUNINA LEADER 05416nam 22008295 450 001 9910143610503321 005 20251116234059.0 010 $a3-540-40063-X 024 7 $a10.1007/3-540-40063-X 035 $a(CKB)1000000000211350 035 $a(SSID)ssj0000320999 035 $a(PQKBManifestationID)11246881 035 $a(PQKBTitleCode)TC0000320999 035 $a(PQKBWorkID)10262408 035 $a(PQKB)10883282 035 $a(DE-He213)978-3-540-40063-9 035 $a(MiAaPQ)EBC3072747 035 $a(PPN)155164112 035 $a(EXLCZ)991000000000211350 100 $a20121227d2000 u| 0 101 0 $aeng 135 $aurnn#008mamaa 181 $ctxt 182 $cc 183 $acr 200 10$aAdvances in Multimodal Interfaces - ICMI 2000 $eThird International Conference Beijing, China, October 14-16, 2000 Proceedings /$fedited by Tieniu Tan, Yuanchun Shi, Wen Gao 205 $a1st ed. 2000. 210 1$aBerlin, Heidelberg :$cSpringer Berlin Heidelberg :$cImprint: Springer,$d2000. 215 $a1 online resource (XVI, 680 p.) 225 1 $aLecture Notes in Computer Science,$x0302-9743 ;$v1948 300 $aIncludes index. 311 08$a3-540-41180-1 327 $aAffective and Perceptual Computing -- Gesture Recognition -- Face and Facial Expression Detection, Recognition and Synthesis -- Multilingual Interfaces and Natural Language Understanding -- Speech Processing and Speaker Detection -- Object Motion, Tracking and Recognition -- Handwriting Recognition -- Input Devices and Its Usability -- Virtual and Augmented Reality -- Multimodal Interfaces for Wearable and Mobile Computing -- Sign Languages and Multimodal Navigation for the Disabled -- Multimodal Integration and Application Systems. 330 $aMultimodal Interfaces represents an emerging interdisciplinary research direction and has become one of the frontiers in Computer Science. Multimodal interfaces aim at efficient, convenient and natural interaction and communication between computers (in their broadest sense) and human users. They will ultimately enable users to interact with computers using their everyday skills. These proceedings include the papers accepted for presentation at the Third International Conference on Multimodal Interfaces (ICMI 2000) held in Beijing, China on 1416 October 2000. The papers were selected from 172 contributions submitted worldwide. Each paper was allocated for review to three members of the Program Committee, which consisted of more than 40 leading researchers in the field. Final decisions of 38 oral papers and 48 poster papers were made based on the reviewers? comments and the desire for a balance of topics. The decision to have a single track conference led to a competitive selection process and it is very likely that some good submissions are not included in this volume. The papers collected here cover a wide range of topics such as affective and perceptual computing, interfaces for wearable and mobile computing, gestures and sign languages, face and facial expression analysis, multilingual interfaces, virtual and augmented reality, speech and handwriting, multimodal integration and application systems. They represent some of the latest progress in multimodal interfaces research. 410 0$aLecture Notes in Computer Science,$x0302-9743 ;$v1948 606 $aOptical data processing 606 $aComputer networks 606 $aSignal processing 606 $aImage processing 606 $aSpeech processing systems 606 $aUser interfaces (Computer systems) 606 $aPattern perception 606 $aComputer graphics 606 $aImage Processing and Computer Vision$3https://scigraph.springernature.com/ontologies/product-market-codes/I22021 606 $aComputer Communication Networks$3https://scigraph.springernature.com/ontologies/product-market-codes/I13022 606 $aSignal, Image and Speech Processing$3https://scigraph.springernature.com/ontologies/product-market-codes/T24051 606 $aUser Interfaces and Human Computer Interaction$3https://scigraph.springernature.com/ontologies/product-market-codes/I18067 606 $aPattern Recognition$3https://scigraph.springernature.com/ontologies/product-market-codes/I2203X 606 $aComputer Graphics$3https://scigraph.springernature.com/ontologies/product-market-codes/I22013 615 0$aOptical data processing. 615 0$aComputer networks. 615 0$aSignal processing. 615 0$aImage processing. 615 0$aSpeech processing systems. 615 0$aUser interfaces (Computer systems) 615 0$aPattern perception. 615 0$aComputer graphics. 615 14$aImage Processing and Computer Vision. 615 24$aComputer Communication Networks. 615 24$aSignal, Image and Speech Processing. 615 24$aUser Interfaces and Human Computer Interaction. 615 24$aPattern Recognition. 615 24$aComputer Graphics. 676 $a004/.01/9 702 $aTan$b Tieniu$4edt$4http://id.loc.gov/vocabulary/relators/edt 702 $aShi$b Yuanchun$4edt$4http://id.loc.gov/vocabulary/relators/edt 702 $aGao$b Wen$4edt$4http://id.loc.gov/vocabulary/relators/edt 712 12$aICMI (Conference) 906 $aBOOK 912 $a9910143610503321 996 $aAdvances in Multimodal Interfaces - ICMI 2000$92179784 997 $aUNINA